Oblasti výkonnosti dodavatelského řetězce
Definovanie trhu a jeho základné druhy. Kategórie výkonnosti trhu. Charakteristické vlastnosti fungovania dodávateľského reťazca. Ukazovatele služieb zákazníkom. Cyklus činností v reťazci.
Gespeichert in:
| 1. Verfasser: | |
|---|---|
| Format: | Buchkapitel |
| Sprache: | Tschechisch |
| Schlagworte: | |
| Tags: |
Keine Tags, Fügen Sie das erste Tag hinzu!
|
MARC
| LEADER | 00000nla$a2200000$$$4500 | ||
|---|---|---|---|
| 001 | 0124596 | ||
| 005 | 20220718115350.6 | ||
| 041 | 0 | |a cze | |
| 044 | |a CZ | ||
| 245 | 1 | 0 | |a Oblasti výkonnosti dodavatelského řetězce |c Vojtěch Bartoš |
| 520 | |a Definovanie trhu a jeho základné druhy. Kategórie výkonnosti trhu. Charakteristické vlastnosti fungovania dodávateľského reťazca. Ukazovatele služieb zákazníkom. Cyklus činností v reťazci. | ||
| 610 | 2 | 0 | |a trh |
| 610 | 2 | 0 | |a pojmy |
| 610 | 2 | 0 | |a výkonnosť |
| 610 | 2 | 0 | |a reťazce dodávateľsko-odberateľské |
| 100 | 1 | |a Bartoš, Vojtěch | |